| 000 | 00886nam a2200289Ia 4500 | ||
|---|---|---|---|
| 003 | OSt | ||
| 005 | 20221005041105.0 | ||
| 006 | a|||||r|||| 00| 0 | ||
| 007 | ta | ||
| 008 | 221004b |||||||| |||| 00| 0 san d | ||
| 020 | _c750 | ||
| 024 | _a81760 | ||
| 037 |
_b584, 30/03/2005, Eastern Book Linkers _cTextual |
||
| 040 |
_aCRL _cCRL _bsan |
||
| 041 |
_2san _asan |
||
| 082 | _aO15:gxH35,1:g, 15P4 | ||
| 100 |
_aVishwanath _942704 |
||
| 245 | 0 | _aSahitya Darpanam | |
| 260 |
_aDelhi _bPankaj Publications India _c2004 |
||
| 300 |
_a632p. _ccm. |
||
| 650 | _a ENGLISH LITERATURE | ||
| 650 | _a SANSKRIT LITERATURE | ||
| 650 | _aSANSKRIT LITERATURE | ||
| 700 |
_a Dwivedi Durga Prasad Co. _9589483 |
||
| 942 |
_hO15:gxH35,1:g, 15P4 _cTEXL _2cc |
||
| 999 |
_c947945 _d947945 |
||